| Tag |
First Indicator |
Second Indicator |
Subfields |
| LEADER |
00000cam a2200000 a 4500 |
| 001 |
in00000035180 |
| 005 |
20151007055322.0 |
| 008 |
840720s1983 mbc b 00000 eng |
| 010 |
|
|
|a 84189196
|
| 020 |
|
|
|a 0887556086 (pbk.)
|
| 020 |
|
|
|a 0887551300 (hard)
|
| 035 |
|
|
|a (OCoLC)10757269
|
| 035 |
|
|
|9 AAB7885AM
|
| 040 |
|
|
|a DLC
|c DLC
|d m/c
|d TXA
|d UtOrBLW
|
| 043 |
|
|
|a n-cn---
|
| 049 |
|
|
|a TXAM
|c [A11535780]
|
| 050 |
0 |
0 |
|a HQ1457
|b .P46 1983
|
| 050 |
|
4 |
|a HQ1457
|b .P46 1984
|
| 082 |
0 |
|
|a 305.4/2/0971
|2 19
|
| 245 |
0 |
0 |
|a Perspectives on women in the 1980s /
|c edited by Joan Turner and Lois Emery.
|
| 264 |
|
1 |
|a [Winnipeg, Man.] :
|b University of Manitoba Press,
|c [1983]
|
| 264 |
|
3 |
|c 1984 printing
|
| 264 |
|
4 |
|c ©1983
|
| 300 |
|
|
|a xiii, 187 pages ;
|c 23 cm.
|
| 336 |
|
|
|a text
|b txt
|2 rdacontent
|
| 337 |
|
|
|a unmediated
|b n
|2 rdamedia
|
| 338 |
|
|
|a volume
|b nc
|2 rdacarrier
|
| 504 |
|
|
|a Bibliography: pages 159-172.
|
| 650 |
|
0 |
|a Women's rights
|z Canada.
|
| 650 |
|
0 |
|a Feminism
|z Canada.
|
| 650 |
|
0 |
|a Women social workers
|z Canada.
|
| 700 |
1 |
|
|a Emery, Lois,
|d 1927-
|
| 700 |
1 |
|
|a Turner, Joan,
|d 1936-
|
| 999 |
|
|
|a MARS
|
| 999 |
f |
f |
|s 1427187b-8015-37c5-afe1-98d38dc45c72
|i 6ab5442c-c154-38f6-b761-51c821fd5bb2
|t 0
|
| 952 |
f |
f |
|p ric
|a Texas A&M University
|b Rellis Campus
|c Joint Library Facility
|d Remote Storage
|t 0
|e HQ1457 .P46 1984
|h Library of Congress classification
|i unmediated -- volume
|m A14811535780
|
| 998 |
f |
f |
|a HQ1457 .P46 1984
|t 0
|l Remote Storage
|